Introducción a la biología molecular. El hilo de la vida (Record no. 799944)
[ view plain ]
| 000 -CABECERA | |
|---|---|
| Campo de control de longitud fija | 00733nam a2200205 4500 |
| 001 - NÚMERO DE CONTROL | |
| Campo de control | VA20466 |
| 003 - IDENTIFICADOR DEL NÚMERO DE CONTROL | |
| Campo de control | ES-SlBCS |
| 005 - FECHA Y HORA DE LA ÚLTIMA TRANSACCIÓN | |
| Campo de control | 20210601154104.0 |
| 008 - CÓDIGOS DE INFORMACIÓN DE LONGITUD FIJA | |
| Campo de control de longitud fija | 140520s1970 xxu||||| |||| 00| 0 spa d |
| 041 ## - CÓDIGO DE LENGUA | |
| Código de lengua del texto/banda sonora o título independiente | spa |
| 100 1# - PUNTO DE ACCESO PRINCIPAL-NOMBRE DE PERSONA | |
| Nombre de persona | Kendrew, John C. |
| 9 (RLIN) | 365904 |
| 245 10 - MENCIÓN DE TÍTULO | |
| Título | Introducción a la biología molecular. El hilo de la vida |
| Resto del título | :Bioquímica. Ácidos nucleicos y código genético |
| Mención de responsabilidad, etc. | John C. Kendrew; Alfonso Álvarez Villar, Gonzalo Gonzalvo Mainar |
| 260 ## - PUBLICACIÓN, DISTRIBUCIÓN, ETC... (PIE DE IMPRENTA) | |
| Lugar de publicación, distribución, etc. | Madrid : |
| Nombre del editor, distribuidor, etc. | Morata |
| Fecha de publicación, distribución, etc. | , 1970 |
| 300 ## - DESCRIPCIÓN FÍSICA | |
| Extensión | 122 p.; |
| Dimensiones | 21 cm |
| 490 0# - MENCIÓN DE SERIE | |
| Mención de serie | Filosofía-Psicología-Pedagogía |
| Designación de volumen o secuencia | |
| 650 ## - PUNTO DE ACCESO ADICIONAL DE MATERIA-TÉRMINO DE MATERIA | |
| Término de materia o nombre geográfico como elemento inicial | Biología Molecular-Introducción |
| 9 (RLIN) | 365905 |
| 700 10 - PUNTO DE ACCESO ADICIONAL-NOMBRE DE PERSONA | |
| Nombre de persona | Gonzalvo Mainar, Gonzalo |
| 9 (RLIN) | 27619 |
| 700 10 - PUNTO DE ACCESO ADICIONAL-NOMBRE DE PERSONA | |
| Nombre de persona | Álvarez Villar, Alfonso |
| 9 (RLIN) | 27133 |
| 942 ## - ENTRADA DE ELEMENTOS AGREGADOS (KOHA) | |
| Koha [por defecto] tipo de item | Libros |
| Suprimido | Perdido | Estropeado | No para préstamo | Localización permanente | Localización actual | Localización en estantería | Fecha adquisición | Préstamos totales | Signatura completa | Número de Registro / Código de Barras | Fecha última consulta | Fecha del precio de reemplazo | Tipo de item de Koha |
|---|---|---|---|---|---|---|---|---|---|---|---|---|---|
| San Esteban | San Esteban | Valladolid | 11/07/2014 | 48/2 | VA20466 | 11/07/2014 | 11/07/2014 | Libros |
